000 00812nam a2200229Ii 4500
003 JO-AjNU
008 230605s9999||||xx |||||||||||||| ||und||
017 _a2019/4/2119
020 _a978-9957-66-126-7
040 _aJO-AjNU
_bara
_erda
_cJO-AjNU
041 _aara
050 1 4 _aPJ7577 2020
100 3 _aتاليف لولو، فايزة ,
_eauthor
_960692
245 0 0 _aالروائية في المدونة السردية العربية النهضوية : دراسة في تداخل الخطابات
250 _aط1
264 3 1 _aعمان: دار الحامد للنشر، 2020
300 _a326ص
336 _atext
_btxt
_2rdacontent
337 _aunmediated
_bn
_2rdamedia
338 _avolume
_bnc
_2rdacarrier
650 4 _aالرويات- الادب العربي- النقد الادبي
_960693
999 _aA27382
_c30950
_d30950